| 000 | 00388nam a2200145 4500 | ||
|---|---|---|---|
| 001 | 1876 | ||
| 005 | 20181127164135.0 | ||
| 090 | 0 | 0 | _a512 R7951a 1965 |
| 100 | 0 | 0 | _aRose, Israel H. |
| 245 | 0 | 0 |
_aAlgebra : _bAn introduction to finite mathematics / _cIsrael H. Rose. _h |
| 260 | 0 | 0 |
_aLondon : _bJohn Wiley & Inc., _c1965. |
| 300 | 0 | 0 | _axvi, 489 p. |
| 500 | 0 | 0 | _aIncludes index. |
| 650 | 0 | 0 |
_aAlgebra. _x |
| 999 |
_c1438 _d1438 |
||